43% Single Letter Countries - Statistics

General Stats
  • This quiz has been taken 58 times
    46 since last reset
  • The average score is 4 of 6
Answer Stats
Letter Country % Correct
U Uruguay
89%
O Morocco
80%
A Albania
59%
O Comoros
59%
A Bahamas
39%
A Jamaica
27%
No matching quizzes found
Score Distribution
Percent of People with Each Score
Percentile by Number Answered
Your Score History
You have not taken this quiz since the last reset